000 00546nam a22001697a 4500
008 160428b xxu||||| |||| 00| 0 eng d
020 _a978-971-574-144-6
082 _22009
_aDFil 370.711
_bSa3t
100 _96662
_aSalandanan, Gloria G.
245 _aTeacher education/
_cGloria G. Salandanan
260 _aQuezon City:
_bKatha Publishing Co., Inc.,
_cc2009.
300 _avi, 194 pages;
_c25 cm.
500 _aIncludes bibliographical references.
650 0 _96663
_aTeachers
_xTraining
650 0 _96664
_aStudent teaching
942 _2ddc
_cDFIL
999 _c2067
_d2067